|
|
|
|
| LEADER |
00000nam2a2200000 4500 |
| 001 |
218762 |
| 005 |
20231031194938.0 |
| 020 |
|
|
|a RU
|b 90-19608ж
|
| 035 |
|
|
|a (RuTPU)RU\TPU\book\238795
|
| 035 |
|
|
|a RU\TPU\book\151751
|
| 090 |
|
|
|a 218762
|
| 100 |
|
|
|a 20120626a1991 k y0rusy5003 ca
|
| 101 |
0 |
|
|a rus
|
| 200 |
0 |
|
|a Вып. 3
|
| 210 |
|
|
|d 1991
|
| 215 |
|
|
|a 244 с.
|c ил.
|
| 320 |
|
|
|a Библиография в конце статей
|
| 461 |
|
1 |
|0 (RuTPU)RU\TPU\book\151751
|t Высокотемпературная сверхпроводимость (актуальные проблемы)
|o межведомственный сборник
|f Ленинградский государственный университет им. А. А. Жданова (ЛГУ) ; под ред. А. А. Киселева
|v Вып. 3
|d 1989-1991
|
| 610 |
1 |
|
|a сверхпроводимость
|
| 610 |
1 |
|
|a устройства
|
| 610 |
1 |
|
|a высокотемпературная сверхпроводимость
|
| 610 |
1 |
|
|a структура
|
| 610 |
1 |
|
|a свойства
|
| 610 |
1 |
|
|a СВЧ
|
| 675 |
|
|
|a 538.94
|v 3
|
| 801 |
|
2 |
|a RU
|b 63413507
|c 20150911
|g PSBO
|
| 942 |
|
|
|c BK
|